Κοινωνιολογία του πολιτισμού
Αποθηκεύτηκε σε:
| Κύριος συγγραφέας: | |
|---|---|
| Μορφή: | Βιβλίο |
| Γλώσσα: | Greek |
| Δημοσίευση: |
Αθήνα :
Παπαζήσης,
2000-2005.
|
| Σειρά: | Σύγχρονες κοινωνικές επιστήμες. Θεωρία και πράξη.
|
| Θέματα: | |
| Ετικέτες: |
Προσθήκη ετικέτας
Δεν υπάρχουν, Καταχωρήστε ετικέτα πρώτοι!
|
MARC
| LEADER | 00000cam a2200000 i 4500 | ||
|---|---|---|---|
| 001 | 1/13178 | ||
| 008 | 001120m20002005gr | |||| |||| ||gre|| | ||
| 020 | |a 9600213909 |q (set) | ||
| 020 | |a 9600213925 |q (τ.1) | ||
| 020 | |a 9600214778 |q (τ.2) | ||
| 035 | |l 10064516 | ||
| 040 | |a GR-MyUa |b gre |e AACR2 | ||
| 041 | 0 | |a gre | |
| 082 | 7 | |a 306 |2 (23) | |
| 100 | 1 | |a Φίλιας, Βασίλης Ι., |d 1927-2018. | |
| 245 | 1 | 0 | |a Κοινωνιολογία του πολιτισμού / |c Βασίλης Φίλιας. |
| 260 | |a Αθήνα : |b Παπαζήσης, |c 2000-2005. | ||
| 300 | |a 3 τ. ; |c 21 εκ. | ||
| 490 | 1 | |a (Σύγχρονες κοινωνικές επιστήμες. Θεωρία και πράξη / Παπαζήσης) | |
| 505 | 8 | |a T. 1. Βασικές οροθετήσεις και κατευθύνσεις -- τ. 2. Τα μέτωπα των θεωρητικών αντιπαραθέσεων -- τ. 3. Η κατάπτωση του αστικού πολιτισμού και η κρίση της κοινωνίας της εποχής μας. | |
| 650 | 0 | |a Culture. | |
| 650 | 0 | |a Sociology. | |
| 650 | 0 | |a Historical sociology. | |
| 650 | 0 | 0 | |a Civilization, Modern. |
| 830 | 0 | |a Σύγχρονες κοινωνικές επιστήμες. |p Θεωρία και πράξη. | |
| 852 | |a INST |b LEMNOS |e 20190618 |h 306 ΦΙΛ |p 005600002294 |q 005600002294 |t BK |v τ.1: |y 0 | ||
| 852 | |a INST |b LESVOS |e 20001120 |h 306 ΦΙΛ |p 005100028923 |q 005100028923 |t BK |y 0 |z τ.1 | ||
| 852 | |a INST |b LESVOS |e 20110728 |h 306 ΦΙΛ |p 005100050057 |q 005100050057 |t BK |y 0 |z τ.1 | ||
| 852 | |a INST |b LESVOS |e 20110728 |h 306 ΦΙΛ |p 005100050062 |q 005100050062 |t BK |y 0 |z τ.2 | ||
| 852 | |a INST |b LESVOS |e 20110707 |h 306 ΦΙΛ |p 005100050197 |q 005100050197 |t BK |y 0 |z τ.1 | ||
| 852 | |a INST |b LESVOS |e 20110707 |h 306 ΦΙΛ |p 005100050198 |q 005100050198 |t BK |y 0 |z τ.2 | ||
| 852 | |a INST |b LESVOS |e 20141022 |h 306 ΦΙΛ |p 005100055905 |q 005100055905 |t BK |y 0 |z τ.2 | ||
| 852 | |a INST |b LESVOS |e 20001120 |h 306 ΦΙΛ |p 005100028923 |q 005100028923 |t BK |v τ.1: |y 0 |z τ.1 | ||
| 852 | |a INST |b LESVOS |e 20110728 |h 306 ΦΙΛ |p 005100050057 |q 005100050057 |t BK |v τ.1: |y 0 |z τ.1 | ||
| 852 | |a INST |b LESVOS |e 20110728 |h 306 ΦΙΛ |p 005100050062 |q 005100050062 |t BK |v τ.2: |y 0 |z τ.2 | ||
| 852 | |a INST |b LESVOS |e 20110707 |h 306 ΦΙΛ |p 005100050197 |q 005100050197 |t BK |v τ.1: |y 0 |z τ.1 | ||
| 852 | |a INST |b LESVOS |e 20110707 |h 306 ΦΙΛ |p 005100050198 |q 005100050198 |t BK |v τ.2: |y 0 |z τ.2 | ||
| 852 | |a INST |b LESVOS |e 20141022 |h 306 ΦΙΛ |p 005100055905 |q 005100055905 |t BK |v τ.2: |y 0 |z τ.2 | ||
| 852 | |a INST |b LESVOS |e 20180122 |h 306 ΦΙΛ |p 005100060897 |q 005100060897 |t BK |v τ.1: |y 0 | ||
| 852 | |a INST |b LESVOS |e 20180122 |h 306 ΦΙΛ |p 005100060899 |q 005100060899 |t BK |v τ.1: |y 0 | ||
| 852 | |a INST |b LESVOS |e 20180122 |h 306 ΦΙΛ |p 005100060900 |q 005100060900 |t BK |v τ.2: |y 0 | ||
| 852 | |a INST |b LESVOS |e 20180122 |h 306 ΦΙΛ |p 005100060901 |q 005100060901 |t BK |v τ.2: |y 0 | ||
| 852 | |a INST |b LESVOS |e 20180126 |h 306 ΦΙΛ |p 005100060942 |q 005100060942 |t BK |v τ.1: |y 0 | ||
| 852 | |a INST |b LESVOS |e 20180126 |h 306 ΦΙΛ |p 005100060943 |q 005100060943 |t BK |v τ.1: |y 0 | ||
| 852 | |a INST |b LESVOS |e 20180126 |h 306 ΦΙΛ |p 005100060944 |q 005100060944 |t BK |v τ.2: |y 0 | ||
| 852 | |a INST |b LESVOS |e 20180126 |h 306 ΦΙΛ |p 005100060945 |q 005100060945 |t BK |v τ.2: |y 0 | ||
| 852 | |a INST |b RHODES |e 20131211 |h 306 ΦΙΛ |p 005400035876 |q 005400035876 |t BK |y 0 |z τ.1 | ||
| 852 | |a INST |b RHODES |e 20131211 |h 306 ΦΙΛ |p 005400035877 |q 005400035877 |t BK |y 0 |z τ.2 | ||
| 852 | |a INST |b RHODES |e 20131211 |h 306 ΦΙΛ |p 005400035876 |q 005400035876 |t BK |v τ.1: |y 0 |z τ.1 | ||
| 852 | |a INST |b RHODES |e 20131211 |h 306 ΦΙΛ |p 005400035877 |q 005400035877 |t BK |v τ.2: |y 0 |z τ.2 | ||
| 852 | |a INST |b SAMOS |e 20170404 |h 306 ΦΙΛ |p 005300044469 |q 005300044469 |t BK |v τ.1: |y 0 | ||
| 852 | |a INST |b SAMOS |e 20170404 |h 306 ΦΙΛ |p 005300044470 |q 005300044470 |t BK |v τ.2: |y 0 | ||
| 852 | |a INST |b SYROS |e 20170403 |h 306 ΦΙΛ |p 005500012966 |q 005500012966 |t BK |v τ.1: |y 0 | ||
| 852 | |a INST |b SYROS |e 20170403 |h 306 ΦΙΛ |p 005500012967 |q 005500012967 |t BK |v τ.2: |y 0 | ||
| 853 | |a INST |b LEMNOS |h 306 ΦΙΛ | ||
| 853 | |a INST |b LESVOS |h 306 ΦΙΛ | ||
| 853 | |a INST |b RHODES |h 306 ΦΙΛ | ||
| 853 | |a INST |b SAMOS |h 306 ΦΙΛ | ||
| 853 | |a INST |b SYROS |h 306 ΦΙΛ | ||
| 901 | |a BIBL1-2001-2 | ||
| 901 | |a BIBL1-2011-2 | ||
| 901 | |a BIBL4-2013-3 | ||
| 901 | |a BIBL1-2014-3 | ||
| 920 | |a Φοιτητική Μέριμνα |y Λέσβος |z 2011-04 | ||
| 922 | |a 1ΕΛΗ |b 200011 |c ΤΑΚ/ΤΓ |d Παπασωτηρίου | ||
| 950 | |a 118-2000-07-27 | ||
| 970 | |a Τζαφέρη |b Ευαγγελία |z 18/05/2001 | ||